000 00523nam a22001817a 4500
003 CEME
005 20210628203639.0
008 210203b xxu||||| |||| 00| 0 eng d
020 _a0-8031-2473-2
040 _c.
082 _a620.1126 APP
100 _aMcdowell, David L
_966687
245 _aApplications of continuum damage mechanics to fatigue and fracture
260 _aNEW YORK
_bASTM
_c1997
300 _a237P
650 _aFRACTURE MECHANICS- CONGRESSES, MATERIALS FATIGUE CONGRESSES
_966688
942 _cBK
_2ddc
999 _c574617
_d574617